International Country Caller Codes - Statistics

General Stats
  • This quiz has been taken 192 times
  • The average score is 15 of 198
Answer Stats
Hint Answer % Correct
+1 USA
91%
+1 Canada
78%
+44 UK
35%
+33 France
26%
+49 Germany
26%
+34 Spain
21%
+32 Belgium
19%
+39 Italy
19%
+1 (242) Bahamas
18%
+31 The Netherlands
18%
+46 Sweden
16%
+7 (1-5, 8,9) Russia
15%
+41 Switzerland
15%
+45 Denmark
14%
+47 Norway
14%
+43 Austria
13%
+48 Poland
13%
+61 Australia
11%
+64 New Zealand
11%
+351 Portugal
11%
+1 (246) Barbados
10%
+55 Brazil
10%
+86 China
10%
+57 Colombia
10%
+30 Greece
10%
+91 India
10%
+7 (6,7) Kazakhstan
10%
+40 Romania
10%
+1 (268) Antigua and Barbuda
9%
+54 Argentina
9%
+387 Bosnia and Herzegovina
9%
+56 Chile
9%
+385 Croatia
9%
+420 Czech Republic
9%
+1 (767) Dominica
9%
+1 (809, 829, 849) Dominican Republic
9%
+20 Egypt
9%
+1 (473) Grenada
9%
+972 Israel
9%
+52 Mexico
9%
+1 (869) Saint Kitts and Nevis
9%
+381 Serbia
9%
+386 Slovenia
9%
+353 Ireland
8%
+1 (658, 876) Jamaica
8%
+81 Japan
8%
+371 Latvia
8%
+382 Montenegro
8%
+92 Pakistan
8%
+1 (784) Saint Vincent and the Grenadines
8%
+58 Venezuela
8%
+375 Belarus
7%
+372 Estonia
7%
+358 Finland
7%
+36 Hungary
7%
+62 Indonesia
7%
+370 Lithuania
7%
+352 Luxembourg
7%
+389 North Macedonia
7%
+51 Peru
7%
+1 (758) Saint Lucia
7%
+65 Singapore
7%
+421 Slovakia
7%
+27 South Africa
7%
+82 South Korea
7%
+886 Taiwan
7%
+1 (868) Trinidad and Tobago
7%
+971 UAE
7%
+380 Ukraine
7%
+93 Afghanistan
6%
+376 Andorra
6%
+374 Armenia
6%
+591 Bolivia
6%
+359 Bulgaria
6%
+855 Cambodia
6%
+506 Costa Rica
6%
+53 Cuba
6%
+593 Ecuador
6%
+503 El Salvador
6%
+502 Guatemala
6%
+592 Guyana
6%
+504 Honduras
6%
+354 Iceland
6%
+383 Kosovo
6%
+856 Laos
6%
+423 Liechtenstein
6%
+60 Malaysia
6%
+356 Malta
6%
+373 Moldova
6%
+377 Monaco
6%
+505 Nicaragua
6%
+507 Panama
6%
+595 Paraguay
6%
+63 Philippines
6%
+378 San Marino
6%
+597 Suriname
6%
+66 Thailand
6%
+598 Uruguay
6%
+379 Vatican City
6%
+84 Vietnam
6%
+355 Albania
5%
+213 Algeria
5%
+994 Azerbaijan
5%
+973 Bahrain
5%
+880 Bangladesh
5%
+501 Belize
5%
+257 Burundi
5%
+357 Cyprus
5%
+670 East Timor
5%
+679 Fiji
5%
+220 Gambia
5%
+995 Georgia
5%
+224 Guinea
5%
+509 Haiti
5%
+98 Iran
5%
+965 Kuwait
5%
+218 Libya
5%
+223 Mali
5%
+212 Morocco
5%
+977 Nepal
5%
+850 North Korea
5%
+968 Oman
5%
+675 Papua New Guinea
5%
+974 Qatar
5%
+966 Saudi Arabia
5%
+221 Senegal
5%
+94 Sri Lanka
5%
+216 Tunisia
5%
+90 Turkey
5%
+256 Uganda
5%
+998 Uzbekistan
5%
+673 Brunei
4%
+226 Burkina Faso
4%
+691 Federated States of Micronesia
4%
+964 Iraq
4%
+254 Kenya
4%
+686 Kiribati
4%
+996 Kyrgyzstan
4%
+265 Malawi
4%
+692 Marshall Islands
4%
+222 Mauritania
4%
+230 Mauritius
4%
+976 Mongolia
4%
+258 Mozambique
4%
+95 Myanmar
4%
+674 Nauru
4%
+227 Niger
4%
+680 Palau
4%
+970 Palestine
4%
+685 Samoa
4%
+677 Solomon Islands
4%
+211 South Sudan
4%
+992 Tajikistan
4%
+255 Tanzania
4%
+676 Tonga
4%
+993 Turkmenistan
4%
+688 Tuvalu
4%
+678 Vanuatu
4%
+244 Angola
3%
+229 Benin
3%
+975 Bhutan
3%
+267 Botswana
3%
+237 Cameroon
3%
+238 Cape Verde
3%
+236 Central African Republic
3%
+235 Chad
3%
+269 Comoros
3%
+243 Democratic Republic of the Congo
3%
+253 Djibouti
3%
+240 Equatorial Guinea
3%
+291 Eritrea
3%
+268 Eswatini
3%
+251 Ethiopia
3%
+241 Gabon
3%
+233 Ghana
3%
+245 Guinea-Bissau
3%
+225 Ivory Coast
3%
+962 Jordan
3%
+997 Kazakhstan
3%
+961 Lebanon
3%
+266 Lesotho
3%
+231 Liberia
3%
+261 Madagascar
3%
+960 Maldives
3%
+264 Namibia
3%
+234 Nigeria
3%
+242 Republic of the Congo
3%
+250 Rwanda
3%
+239 São Tomé and Principe
3%
+248 Seychelles
3%
+232 Sierra Leone
3%
+252 Somalia
3%
+249 Sudan
3%
+963 Syria
3%
+228 Togo
3%
+967 Yemen
3%
+260 Zambia
3%
+263 Zimbabwe
3%
No matching quizzes found
Score Distribution
Percent of People with Each Score
Percentile by Number Answered
Your Score History
You have not taken this quiz